00721cam a2200193 a 4500020001500000040000800015082002600023245007600049260004400125300002400169490002800193500015100221650001800372650004400390650003600434700002200470700001900492710001600511 a0821325868 cDLC00a338 WOR 1993 C148 Or.00aArgentina's privatization program :bexperience, issues, and lessons / aWashington, D.C. :bWorld Bank,cc1993. axi, 31 p. ;c23 cm.1 aDevelopment in practice a"Much of this booklet has been adapted from 'Argentina's privatization program' by Myrna Alexander and Carlos Corti, World Bank staff"--Verso t.p. 0aPrivatization 0aStructural adjustment (Economic policy) 0aGovernment business enterprises1 aAlexander, Myrna,1 aCorti, Carlos.2 aWorld Bank.